[Event "MNE-ch 76th"]
[Site "Podgorica"]
[Date "2024.02.15"]
[Round "11"]
[White "Kalezic, Blazo"]
[Black "Kadric, Denis"]
[Result "1/2-1/2"]
[WhiteElo "2407"]
[BlackElo "2586"]
[PlyCount "26"]
[EventDate "2024.02.06"]
[EventType "swiss"]
[EventRounds "11"]
[EventCountry "MNE"]
[SourceTitle "CB08_2024"]
[SourceDate "2024.02.21"]
[SourceVersion "1"]
[SourceVersionDate "2024.02.21"]
[SourceQuality "1"]

1. e4 c5 2. Nf3 Nc6 3. Bb5 g6 4. 0-0 Bg7 5. c3 e5 6. d4 cxd4 7. cxd4 exd4 8. Bf4 Nge7 9. Bd6 0-0 10. Re1 a6 11. Bc4 b5 12. Bd5 Bb7 13. Nbd2 h6 1/2-1/2

[Event "MNE-ch 76th"]
[Site "Podgorica"]
[Date "2024.02.14"]
[Round "10"]
[White "Kalezic, Blazo"]
[Black "Draskovic, Luka"]
[Result "1/2-1/2"]
[WhiteElo "2407"]
[BlackElo "2485"]
[PlyCount "40"]
[EventDate "2024.02.06"]
[EventType "swiss"]
[EventRounds "11"]
[EventCountry "MNE"]
[SourceTitle "CB08_2024"]
[SourceDate "2024.02.21"]
[SourceVersion "1"]
[SourceVersionDate "2024.02.21"]
[SourceQuality "1"]

1. e4 e5 2. Nf3 Nc6 3. Bc4 d6 4. c3 f5 5. d3 f4 6. b4 Qf6 7. Qb3 Nh6 8. a4 Nf7 9. Bb2 Ncd8 10. Nbd2 g5 11. 0-0-0 Bd7 12. Ne1 a5 13. b5 Ne6 14. d4 Bg7 15. Bxe6 Bxe6 16. d5 Bd7 17. h3 0-0 18. f3 b6 19. Nd3 h5 20. Rdg1 Rfe8 1/2-1/2

[Event "MNE-ch 76th"]
[Site "Podgorica"]
[Date "2024.02.13"]
[Round "9"]
[White "Skvortsov, Andrei"]
[Black "Kalezic, Blazo"]
[Result "0-1"]
[WhiteElo "2309"]
[BlackElo "2407"]
[PlyCount "135"]
[EventDate "2024.02.06"]
[EventType "swiss"]
[EventRounds "11"]
[EventCountry "MNE"]
[SourceTitle "CB08_2024"]
[SourceDate "2024.02.21"]
[SourceVersion "1"]
[SourceVersionDate "2024.02.21"]
[SourceQuality "1"]

1. c4 e5 2. g3 Nc6 3. Nc3 f5 4. Bg2 Nf6 5. e3 e4 6. d3 Bb4 7. Nge2 exd3 8. Qxd3 d6 9. a3 Bxc3+ 10. Qxc3 0-0 11. b3 Ne4 12. Qc2 Qf6 13. Bb2 Ne5 14. Nf4 Rf7 15. 0-0-0 Bd7 16. Nd5 Qd8 17. f3 Nc5 18. f4 Ng6 19. Nc3 Bc6 20. b4 Nd7 21. e4 Nb6 22. exf5 Ne7 23. Ne4 Ba4 24. Qd3 Bxd1 25. Rxd1 Rxf5 26. Ng5 Rxg5 27. fxg5 Nc6 28. h4 Qe7 29. Qb3 Kh8 30. Kb1 Rf8 31. Qc2 Ne5 32. Re1 Qe6 33. c5 Nbc4 34. Bc1 b5 35. Rf1 Rxf1 36. Bxf1 Qg4 37. cxd6 cxd6 38. Qf2 Qe4+ 39. Ka1 Kg8 40. Qe2 Qd4+ 41. Kb1 Qc3 42. Qd1 Kf8 43. g4 Ke7 44. Ka2 g6 45. h5 a6 46. Be2 d5 47. Qf1 Kd7 48. Qd1 d4 49. Bxc4 Qxc4+ 50. Ka1 Qd3 51. Qg1 Ke6 52. hxg6 hxg6 53. Qf2 Kd5 54. Bb2 Kc4 55. Ka2 Nf3 56. Bc1 Kd5 57. Qg2 Qe4 58. Qf2 Qxg4 59. Qc2 Ne5 60. Qc5+ Ke4 61. Bb2 Qd1 62. Qb6 Qd3 63. Qb7+ Ke3 64. Qxa6 Qc4+ 65. Ka1 d3 66. Qb6+ Ke2 67. Qg1 Nf3 68. Qg2+ 0-1

[Event "MNE-ch 76th"]
[Site "Podgorica"]
[Date "2024.02.12"]
[Round "8"]
[White "Kalezic, Blazo"]
[Black "Zherebtsova, Alexandra"]
[Result "1-0"]
[WhiteElo "2407"]
[BlackElo "2270"]
[PlyCount "101"]
[EventDate "2024.02.06"]
[EventType "swiss"]
[EventRounds "11"]
[EventCountry "MNE"]
[SourceTitle "CB08_2024"]
[SourceDate "2024.02.21"]
[SourceVersion "1"]
[SourceVersionDate "2024.02.21"]
[SourceQuality "1"]

1. e4 e5 2. Bc4 Nf6 3. d3 Nc6 4. Nf3 Be7 5. Nbd2 0-0 6. 0-0 d6 7. c3 Na5 8. Bb5 c5 9. Ba4 Nc6 10. Re1 Rb8 11. h3 Re8 12. Nf1 h6 13. Ng3 Bf8 14. d4 b5 15. Bb3 Bb7 16. d5 Ne7 17. a4 a6 18. axb5 axb5 19. c4 Nd7 20. cxb5 Nb6 21. Be3 Qd7 22. Qe2 g6 23. Ra5 Bg7 24. Nd2 f5 25. Bxc5 dxc5 26. d6+ Ned5 27. exd5 Qxd6 28. Nc4 Nxc4 29. Bxc4 e4 30. Qd2 Kh7 31. Ne2 Be5 32. Ra3 f4 33. f3 e3 34. Qc2 Red8 35. Rd1 Qf6 36. Ra4 Ra8 37. b3 Rac8 38. Bd3 Kg7 39. Be4 Rd7 40. Rc4 Qb6 41. b4 Qxb5 42. Rxc5 Qa6 43. Rxc8 Bxc8 44. b5 Qb7 45. d6 Qb8 46. Rd5 Bxd6 47. Qc3+ Kf7 48. Qh8 Bf8 49. Qh7+ Ke8 50. Qxg6+ Ke7 51. Nd4 1-0

[Event "MNE-ch 76th"]
[Site "Podgorica"]
[Date "2024.02.07"]
[Round "2"]
[White "Vukcevic, Nemanja"]
[Black "Kalezic, Blazo"]
[Result "1-0"]
[WhiteElo "2275"]
[BlackElo "2407"]
[PlyCount "135"]
[EventDate "2024.02.06"]
[EventType "swiss"]
[EventRounds "11"]
[EventCountry "MNE"]
[SourceTitle "CB08_2024"]
[SourceDate "2024.02.21"]
[SourceVersion "1"]
[SourceVersionDate "2024.02.21"]
[SourceQuality "1"]

1. e4 e6 2. d4 d5 3. e5 c5 4. c3 Nc6 5. Nf3 Qb6 6. Bd3 Bd7 7. 0-0 cxd4 8. Re1 Nge7 9. h4 a6 10. Nbd2 Nf5 11. c4 Ne3 12. Qe2 dxc4 13. Be4 Ng4 14. Nxc4 Qc7 15. Bf4 h5 16. Rac1 Rc8 17. Ng5 b5 18. Nd6+ Bxd6 19. exd6 Qb6 20. Qd3 Nf6 21. Bf3 Nb4 22. Rxc8+ Bxc8 23. Qb3 a5 24. a3 Na6 25. Be5 Bd7 26. Qd3 Nb8 27. Rc1 Na6 28. Qxd4 Qxd4 29. Bxd4 0-0 30. Bb7 Nb8 31. Bxf6 gxf6 32. Ne4 f5 33. Nf6+ Kg7 34. Nxh5+ Kg6 35. Nf4+ Kf6 36. Nd3 e5 37. Rc5 Re8 38. f4 exf4 39. Nxf4 Re1+ 40. Kf2 Rb1 41. Nd3 Rd1 42. Ke2 Rh1 43. g3 Rh2+ 44. Ke3 Ke6 45. Rd5 Kf6 46. Nf2 a4 47. Rd2 Ke6 48. Bd5+ Kxd6 49. Bxf7+ Ke7 50. Bd5 Nc6 51. Nd3 Rxd2 52. Kxd2 Nd4 53. Ke3 Nc2+ 54. Kf4 Kf6 55. Ne5 Be8 56. Bc6 Bh5 57. Bxb5 Nd4 58. Nd7+ Ke6 59. Bxa4 Ne2+ 60. Ke3 Nxg3 61. Nc5+ Kf6 62. b4 Nf1+ 63. Kf4 Nd2 64. b5 Nc4 65. Bb3 Ne5 66. b6 Ng6+ 67. Ke3 f4+ 68. Kf2 1-0

[Event "EU-chT 24th"]
[Site "Budva"]
[Date "2023.11.12"]
[Round "2.16"]
[White "Kalezic, Blazo"]
[Black "Schitco, Ivan"]
[Result "0-1"]
[WhiteElo "2401"]
[BlackElo "2503"]
[PlyCount "82"]
[EventDate "2023.11.11"]
[EventType "team-swiss"]
[EventRounds "9"]
[EventCountry "MNE"]
[SourceTitle "CB47_2023"]
[SourceDate "2023.11.22"]
[SourceVersion "1"]
[SourceVersionDate "2023.11.22"]
[SourceQuality "1"]
[WhiteTeam "Montenegro III"]
[BlackTeam "Moldova"]
[WhiteTeamCountry "MNE"]
[BlackTeamCountry "MDA"]

1. e4 e5 2. Nf3 Nc6 3. Bb5 a6 4. Ba4 Nf6 5. 0-0 d6 6. Bxc6+ bxc6 7. Re1 Bg4 8. h3 Bxf3 9. Qxf3 Nd7 10. d3 g6 11. Nc3 Bg7 12. Ne2 0-0 13. Ng3 Nc5 14. Be3 Ne6 15. c3 Rb8 16. b3 c5 17. Rab1 a5 18. a3 Qd7 19. h4 h5 20. Nf5 gxf5 21. exf5 Nf4 22. Bxf4 exf4 23. Qxh5 Rbe8 24. Qg5 Qd8 25. Qxf4 Bxc3 26. Re3 Kh7 27. Qg4 Rxe3 28. fxe3 Qf6 29. Rf1 Rg8 30. Qh5+ Kg7 31. Rf4 Re8 32. Kf2 Kf8 33. Ke2 Bb2 34. g4 Bc1 35. Rf3 Qb2+ 36. Kf1 Bxe3 37. f6 Qc1+ 38. Kg2 Qg1+ 39. Kh3 Qh1+ 40. Kg3 Bf4+ 41. Kxf4 Qh2+ 0-1

[Event "MNT CupT"]
[Site "Cetinje"]
[Date "2023.07.11"]
[Round "4.1"]
[White "Djurovic, Peko"]
[Black "Kalezic, Blazo"]
[Result "1-0"]
[WhiteElo "2302"]
[BlackElo "2405"]
[PlyCount "93"]
[EventDate "2023.07.09"]
[EventType "team-swiss"]
[EventRounds "5"]
[EventCountry "MNE"]
[SourceTitle "CBM 215 Extra"]
[Source "ChessBase"]
[SourceDate "2023.09.30"]
[SourceVersion "1"]
[SourceVersionDate "2023.09.30"]
[SourceQuality "1"]
[WhiteTeam "Crnogorac II"]
[BlackTeam "Buducnost"]
[WhiteTeamCountry "MNE"]
[BlackTeamCountry "MNE"]

1. e4 c6 2. d4 d5 3. e5 c5 4. dxc5 e6 5. Qg4 h5 6. Qf4 Nc6 7. Nf3 Bxc5 8. c3 Nh6 9. b4 Be7 10. Bd3 Nf5 11. 0-0 g6 12. a3 Bd7 13. c4 dxc4 14. Qxc4 Rc8 15. Qf4 Bf8 16. Nbd2 Nce7 17. Ne4 Nd5 18. Qd2 Rg8 19. Qe2 Nc3 20. Nxc3 Rxc3 21. Bb2 Rc8 22. Rfd1 Qb6 23. Ng5 Ba4 24. Rdc1 Rd8 25. Ne4 Be7 26. Nf6+ Bxf6 27. exf6 a6 28. Rc5 Qd6 29. Be4 Nd4 30. Bxd4 Qxd4 31. Rac1 Qxf6 32. Bxb7 Kf8 33. Qxa6 Be8 34. h3 Rd2 35. Qf1 Kg7 36. b5 Ra2 37. R5c3 Qe7 38. Qc4 Rxa3 39. Rxa3 Qxa3 40. b6 e5 41. Qc7 Kh6 42. Be4 f5 43. b7 Bf7 44. Rb1 fxe4 45. b8Q Rxb8 46. Rxb8 e3 47. Rh8+ 1-0

[Event "MNT-chT"]
[Site "Herceg Novi"]
[Date "2023.05.06"]
[Round "7.3"]
[White "Anisimov, Pavel"]
[Black "Kalezic, Blazo"]
[Result "1/2-1/2"]
[WhiteElo "2523"]
[BlackElo "2400"]
[PlyCount "38"]
[EventDate "2023.05.01"]
[EventType "team-tourn"]
[EventRounds "9"]
[EventCountry "MNE"]
[SourceTitle "CBM 214 Extra"]
[Source "ChessBase"]
[SourceDate "2023.07.31"]
[SourceVersion "1"]
[SourceVersionDate "2023.07.31"]
[SourceQuality "1"]
[WhiteTeam "Herceg Novi"]
[BlackTeam "Buducnost"]
[WhiteTeamCountry "MNE"]
[BlackTeamCountry "MNE"]

1. e4 e6 2. d4 d5 3. Nd2 a6 4. Ngf3 c5 5. dxc5 Bxc5 6. Bd3 Nf6 7. 0-0 dxe4 8. Nxe4 Nxe4 9. Bxe4 Qc7 10. b3 Nd7 11. Bb2 Nf6 12. Be5 Qe7 13. Bd3 b5 14. c3 Bb7 15. b4 Bb6 16. a4 bxa4 17. Rxa4 Bc7 18. Bg3 0-0 19. Qe2 Nd5 1/2-1/2

[Event "MNT-chT"]
[Site "Herceg Novi"]
[Date "2023.05.01"]
[Round "1.2"]
[White "Kalezic, Blazo"]
[Black "Andjelic, Djordje"]
[Result "1-0"]
[WhiteElo "2400"]
[BlackElo "1909"]
[PlyCount "65"]
[EventDate "2023.05.01"]
[EventType "team-tourn"]
[EventRounds "9"]
[EventCountry "MNE"]
[SourceTitle "CBM 214 Extra"]
[Source "ChessBase"]
[SourceDate "2023.07.31"]
[SourceVersion "1"]
[SourceVersionDate "2023.07.31"]
[SourceQuality "1"]
[WhiteTeam "Buducnost"]
[BlackTeam "Mladost"]
[WhiteTeamCountry "MNE"]
[BlackTeamCountry "MNE"]

1. Nf3 Nf6 2. g3 d5 3. Bg2 c5 4. 0-0 Nc6 5. c4 d4 6. d3 e5 7. e4 Be7 8. Nbd2 0-0 9. a3 a5 10. h3 Ne8 11. Re1 Be6 12. Nf1 Nd6 13. g4 b5 14. cxb5 Nxb5 15. Ng3 g6 16. Bh6 Re8 17. Rc1 a4 18. Nf5 gxf5 19. gxf5 Bb3 20. Qd2 f6 21. Kh1 Kh8 22. Rg1 Rg8 23. Nh4 Bf7 24. Bf3 Qa5 25. Rxg8+ Rxg8 26. Qe2 Nd6 27. Bh5 Bf8 28. Bxf8 Rxf8 29. Bg6 Rb8 30. Rg1 Bg8 31. Qh5 Ne7 32. Qh6 Qd8 33. Bf7 1-0

[Event "EU-ch 23rd"]
[Site "Vrnjacka Banja"]
[Date "2023.03.13"]
[Round "11"]
[White "Kalezic, Blazo"]
[Black "Zadravec, Matija"]
[Result "1/2-1/2"]
[WhiteElo "2415"]
[BlackElo "2248"]
[PlyCount "60"]
[EventDate "2023.03.03"]
[EventType "swiss"]
[EventRounds "11"]
[EventCountry "SRB"]
[SourceTitle "CBM 213"]
[Source "ChessBase"]
[SourceDate "2023.04.30"]
[SourceVersion "1"]
[SourceVersionDate "2023.04.30"]
[SourceQuality "1"]

1. e4 e5 2. Nf3 Nc6 3. Bb5 Nge7 4. 0-0 g6 5. c3 a6 6. Ba4 Bg7 7. d4 exd4 8. cxd4 b5 9. Bb3 0-0 10. d5 Na5 11. Bd2 Nxb3 12. Qxb3 c5 13. Bc3 d6 14. Bxg7 Kxg7 15. Nbd2 f6 16. Qc3 a5 17. b3 Kg8 18. a4 b4 19. Qc2 g5 20. Nc4 Ba6 21. Nfd2 Ng6 22. g3 Ne5 23. f4 Bxc4 24. Nxc4 Nxc4 25. Qxc4 Qe7 26. Rae1 Rae8 27. Kh1 Kh8 28. Re3 gxf4 29. gxf4 Rg8 30. Qe2 Qf7 1/2-1/2

[Event "EU-ch 23rd"]
[Site "Vrnjacka Banja"]
[Date "2023.03.08"]
[Round "6"]
[White "Tudor, Henry Edward"]
[Black "Kalezic, Blazo"]
[Result "0-1"]
[WhiteElo "2201"]
[BlackElo "2415"]
[PlyCount "100"]
[EventDate "2023.03.03"]
[EventType "swiss"]
[EventRounds "11"]
[EventCountry "SRB"]
[SourceTitle "CBM 213"]
[Source "ChessBase"]
[SourceDate "2023.04.30"]
[SourceVersion "1"]
[SourceVersionDate "2023.04.30"]
[SourceQuality "1"]

1. d4 d5 2. c4 dxc4 3. e3 Nf6 4. Bxc4 e6 5. Nf3 a6 6. 0-0 c5 7. Nbd2 cxd4 8. exd4 Be7 9. Qe2 Nc6 10. Rd1 b5 11. Bd3 Nb4 12. Bb1 Bb7 13. a3 Nbd5 14. Ne4 Nxe4 15. Bxe4 0-0 16. Ne5 Rc8 17. Bd2 Bd6 18. a4 bxa4 19. Rxa4 Qh4 20. f3 f6 21. g3 Qh5 22. Nc4 Bb8 23. Na5 Ba8 24. Rf1 Rce8 25. Qxa6 f5 26. Bb1 Qg6 27. Qe2 e5 28. dxe5 Rxe5 29. Qg2 Qe8 30. Rh4 Re2 31. Qh3 Rxd2 32. Rxh7 Qe3+ 33. Kh1 Nf6 34. Ba2+ Bd5 35. Bxd5+ Rxd5 36. Rh8+ Kf7 37. Rxf8+ Kxf8 38. Qh8+ Ng8 39. Qh4 Rd1 40. Kg2 Qd2+ 41. Rf2 Qxa5 42. Qc4 Ne7 43. Qb3 Qd8 44. Qb4 Be5 45. Re2 Qd3 46. Re1 Rd2+ 47. Kh3 Rxb2 48. Qa4 Qxf3 49. Rxe5 Qg2+ 50. Kh4 Qxh2+ 0-1

[Event "EU-ch 23rd"]
[Site "Vrnjacka Banja"]
[Date "2023.03.04"]
[Round "2"]
[White "Mladenovic, Milan"]
[Black "Kalezic, Blazo"]
[Result "0-1"]
[WhiteElo "1787"]
[BlackElo "2415"]
[PlyCount "52"]
[EventDate "2023.03.03"]
[EventType "swiss"]
[EventRounds "11"]
[EventCountry "SRB"]
[SourceTitle "CBM 213"]
[Source "ChessBase"]
[SourceDate "2023.04.30"]
[SourceVersion "1"]
[SourceVersionDate "2023.04.30"]
[SourceQuality "1"]

1. e4 e6 2. d4 d5 3. e5 c5 4. c3 Nc6 5. Nf3 Nge7 6. Na3 Nf5 7. Nc2 cxd4 8. cxd4 Be7 9. a3 h5 10. b4 Bd7 11. Bb2 a5 12. b5 Na7 13. a4 Nc8 14. Ba3 Nb6 15. Bxe7 Qxe7 16. Bd3 Rc8 17. 0-0 g5 18. Qd2 g4 19. Ng5 Nc4 20. Bxc4 Rxc4 21. f4 gxf3 22. Nxf3 Rg8 23. Rfc1 Nh4 24. Nxh4 Qxh4 25. Ra3 b6 26. Rh3 Qxh3 0-1

[Event "MNT-ch 75th"]
[Site "Podgorica"]
[Date "2023.02.11"]
[Round "7"]
[White "Kalezic, Blazo"]
[Black "Anisimov, Pavel"]
[Result "1/2-1/2"]
[WhiteElo "2415"]
[BlackElo "2523"]
[PlyCount "34"]
[EventDate "2023.02.05"]
[EventType "swiss"]
[EventRounds "9"]
[EventCountry "MNE"]
[SourceTitle "CBM 212 Extra"]
[Source "ChessBase"]
[SourceDate "2023.03.31"]
[SourceVersion "1"]
[SourceVersionDate "2023.03.31"]
[SourceQuality "1"]

1. e4 c5 2. c3 Nf6 3. e5 Nd5 4. Bc4 Nb6 5. Bb3 c4 6. Bc2 Nc6 7. Nf3 d6 8. exd6 Qxd6 9. 0-0 Bg4 10. Re1 0-0-0 11. b3 e5 12. h3 Bh5 13. bxc4 Nxc4 14. d3 Nb6 15. Nbd2 Qc7 16. Ne4 Be7 17. Ng3 Bg6 1/2-1/2

[Event "MNT-ch 75th"]
[Site "Podgorica"]
[Date "2023.02.06"]
[Round "2"]
[White "Krstonijevic, Stjepan"]
[Black "Kalezic, Blazo"]
[Result "1/2-1/2"]
[WhiteElo "2129"]
[BlackElo "2415"]
[PlyCount "51"]
[EventDate "2023.02.05"]
[EventType "swiss"]
[EventRounds "9"]
[EventCountry "MNE"]
[SourceTitle "CBM 212 Extra"]
[Source "ChessBase"]
[SourceDate "2023.03.31"]
[SourceVersion "1"]
[SourceVersionDate "2023.03.31"]
[SourceQuality "1"]

1. d4 Nf6 2. Nf3 g6 3. Nc3 d5 4. Bf4 Bg7 5. e3 0-0 6. Be2 Nh5 7. Bg5 h6 8. Bh4 g5 9. Bg3 Nxg3 10. hxg3 Nc6 11. Ne5 f6 12. Nxc6 bxc6 13. Na4 e5 14. c3 e4 15. c4 f5 16. Qd2 Qd6 17. Rd1 f4 18. gxf4 gxf4 19. Nc5 fxe3 20. Qxe3 Bf5 21. g4 Bg6 22. g5 hxg5 23. Qxg5 Rf5 24. Qg4 Raf8 25. Rg1 R8f6 26. Rg2 1/2-1/2

[Event "MNT-ch 75th"]
[Site "Podgorica"]
[Date "2023.02.05"]
[Round "1"]
[White "Kalezic, Blazo"]
[Black "Kadic, Branislav"]
[Result "1-0"]
[WhiteElo "2415"]
[BlackElo "1979"]
[PlyCount "81"]
[EventDate "2023.02.05"]
[EventType "swiss"]
[EventRounds "9"]
[EventCountry "MNE"]
[SourceTitle "CBM 212 Extra"]
[Source "ChessBase"]
[SourceDate "2023.03.31"]
[SourceVersion "1"]
[SourceVersionDate "2023.03.31"]
[SourceQuality "1"]

1. e4 c6 2. d4 g6 3. Nc3 Bg7 4. Bc4 d5 5. exd5 b5 6. Bb3 b4 7. Nce2 cxd5 8. a3 bxa3 9. Rxa3 Nf6 10. Nf3 0-0 11. Ne5 Bb7 12. 0-0 Nc6 13. f4 e6 14. c3 Ne4 15. Ng3 f5 16. Nxe4 fxe4 17. Be3 a5 18. Qg4 Rf5 19. Rfa1 Bxe5 20. dxe5 Kg7 21. Rd1 Qc7 22. Raa1 Ba6 23. Rd2 Bb5 24. Rf2 Qb7 25. Bd1 Qd7 26. Qg3 Rf7 27. Qh3 h5 28. g4 hxg4 29. Bxg4 Rh8 30. Qg3 Kg8 31. Kh1 Rg7 32. Bc5 Kf7 33. b3 Ra8 34. Qh4 Qd8 35. Qh3 Qd7 36. Rg1 a4 37. bxa4 Rxa4 38. Bxe6+ Qxe6 39. f5 Qe8 40. fxg6+ Kg8 41. Qe6+ 1-0

[Event "Cetinje June GM 01"]
[Site "Cetinje"]
[Date "2022.06.12"]
[Round "8"]
[White "Saraci, Nderim"]
[Black "Kalezic, Blazo"]
[Result "1-0"]
[WhiteElo "2487"]
[BlackElo "2431"]
[PlyCount "107"]
[EventDate "2022.06.07"]
[EventType "swiss"]
[EventRounds "9"]
[EventCountry "MNE"]
[SourceTitle "CBM 208 Extra"]
[Source "ChessBase"]
[SourceDate "2022.07.31"]
[SourceVersion "1"]
[SourceVersionDate "2022.07.31"]
[SourceQuality "1"]

1. Nf3 d5 2. g3 Bg4 3. Bg2 Nd7 4. 0-0 Ngf6 5. d3 e5 6. e4 dxe4 7. dxe4 Bc5 8. Nbd2 0-0 9. Qe2 Re8 10. Nc4 c6 11. Rd1 Qc7 12. h3 Bh5 13. Bd2 b5 14. Ba5 Nb6 15. Ncd2 Qb7 16. c4 Nxc4 17. Nxc4 Bxf3 18. Bxf3 bxc4 19. Qxc4 Bd4 20. Rab1 Rac8 21. b3 c5 22. Kg2 h6 23. Rbc1 g5 24. Re1 Kg7 25. Qe2 Rh8 26. Bd2 Rc6 27. Bg4 Nxg4 28. hxg4 Qa6 29. Qxa6 Rxa6 30. Rc2 f6 31. Rh1 Kg6 32. f4 gxf4 33. gxf4 exf4 34. Bxf4 h5 35. Kg3 Re6 36. gxh5+ Rxh5 37. Rxh5 Kxh5 38. Kf3 Kg6 39. Rc4 Ra6 40. Rc2 Re6 41. Bb8 a6 42. Kf4 Be5+ 43. Bxe5 Rxe5 44. Rd2 Re6 45. Rd5 Rc6 46. Ke3 a5 47. a4 Rb6 48. Rxc5 Rxb3+ 49. Kf4 Ra3 50. Rxa5 Ra1 51. Ra8 Rf1+ 52. Ke3 f5 53. exf5+ Rxf5 54. a5 1-0

[Event "MNT Team Cup"]
[Site "Herceg Novi"]
[Date "2022.05.21"]
[Round "3.2"]
[White "Kalezic, Blazo"]
[Black "Draskovic, Luka"]
[Result "1/2-1/2"]
[WhiteElo "2431"]
[BlackElo "2484"]
[PlyCount "47"]
[EventDate "2022.05.20"]
[EventType "swiss"]
[EventRounds "5"]
[EventCountry "MNE"]
[SourceTitle "CBM 208 Extra"]
[Source "ChessBase"]
[SourceDate "2022.07.31"]
[SourceVersion "1"]
[SourceVersionDate "2022.07.31"]
[SourceQuality "1"]

1. e4 c5 2. c3 Nf6 3. e5 Nd5 4. Bc4 Nb6 5. Bb3 c4 6. Bc2 d6 7. Nf3 dxe5 8. Nxe5 Qd5 9. Nf3 Qe6+ 10. Qe2 Qxe2+ 11. Kxe2 Nc6 12. d4 cxd3+ 13. Bxd3 e5 14. Re1 Bg4 15. h3 Bh5 16. Be3 Nd5 17. Nbd2 f6 18. a4 0-0-0 19. a5 Kc7 20. Rec1 Be7 21. b4 Nf4+ 22. Bxf4 exf4 23. Be4 Ne5 24. Kf1 1/2-1/2

[Event "MNT-ch 74th"]
[Site "Podgorica"]
[Date "2022.02.26"]
[Round "8"]
[White "Draskovic, Luka"]
[Black "Kalezic, Blazo"]
[Result "1/2-1/2"]
[WhiteElo "2464"]
[BlackElo "2434"]
[PlyCount "36"]
[EventDate "2022.02.19"]
[EventType "swiss"]
[EventRounds "9"]
[EventCountry "MNE"]
[SourceTitle "EXT 2023"]
[Source "ChessBase"]
[SourceDate "2022.10.05"]
[SourceVersion "1"]
[SourceVersionDate "2022.10.05"]
[SourceQuality "1"]

1. e4 e6 2. d4 d5 3. Nc3 Nf6 4. e5 Nfd7 5. f4 c5 6. Nf3 Nc6 7. Be3 cxd4 8. Nxd4 Bc5 9. Qd2 0-0 10. 0-0-0 Nxd4 11. Bxd4 a6 12. Bxc5 Nxc5 13. Qd4 b6 14. Bd3 Bb7 15. Rhe1 Rc8 16. Kb1 b5 17. a3 Rc7 18. g3 Qe7 1/2-1/2

[Event "MNT-ch 74th"]
[Site "Podgorica"]
[Date "2022.02.22"]
[Round "4"]
[White "Pecurica, Milos"]
[Black "Kalezic, Blazo"]
[Result "1/2-1/2"]
[WhiteElo "2335"]
[BlackElo "2434"]
[PlyCount "22"]
[EventDate "2022.02.19"]
[EventType "swiss"]
[EventRounds "9"]
[EventCountry "MNE"]
[SourceTitle "EXT 2023"]
[Source "ChessBase"]
[SourceDate "2022.10.05"]
[SourceVersion "1"]
[SourceVersionDate "2022.10.05"]
[SourceQuality "1"]

1. d4 d5 2. c4 e6 3. Nf3 c6 4. g3 dxc4 5. Bg2 b5 6. 0-0 Nd7 7. b3 cxb3 8. a4 Bb7 9. Qxb3 a6 10. Nbd2 Ngf6 11. Rd1 Be7 1/2-1/2

[Event "Online Olym Div2 C"]
[Site "Chess.com INT"]
[Date "2021.09.04"]
[Round "7.5"]
[White "Kalezic, Blazo"]
[Black "Tate, Alan"]
[Result "1/2-1/2"]
[WhiteElo "2434"]
[BlackElo "2342"]
[PlyCount "199"]
[EventDate "2021.09.02"]
[EventType "team (rapid)"]
[EventRounds "9"]
[EventCountry "USA"]
[SourceTitle "CBM 204 Extra"]
[Source "ChessBase"]
[SourceDate "2021.11.30"]
[SourceVersion "1"]
[SourceVersionDate "2021.11.30"]
[SourceQuality "1"]
[WhiteTeam "Montenegro"]
[BlackTeam "Scotland"]
[WhiteTeamCountry "MNE"]
[BlackTeamCountry "SCO"]

1. e4 c5 2. Nf3 d6 3. d4 Nf6 4. Nc3 cxd4 5. Nxd4 a6 6. Bg5 Nbd7 7. Bc4 h6 8. Bh4 g6 9. Qe2 Bg7 10. 0-0-0 0-0 11. Bb3 Qc7 12. f4 e5 13. fxe5 dxe5 14. Nf3 b5 15. Rhf1 Bb7 16. Nd5 Nxd5 17. exd5 Qd6 18. g4 Nc5 19. Kb1 a5 20. c3 b4 21. cxb4 Nxb3 22. axb3 a4 23. b5 a3 24. Nd2 Qxd5 25. Bf6 axb2 26. Nc4 Qxb5 27. Kxb2 Bxf6 28. Rxf6 Rfd8 29. Rxd8+ Rxd8 30. Qxe5 Rd2+ 31. Kc3 Qxe5+ 32. Nxe5 Rxh2 33. Rxf7 Bd5 34. Rd7 Rh3+ 35. Kd4 Bxb3 36. Nxg6 Be6 37. Rd8+ Kg7 38. Nf4 Rh4 39. Nxe6+ Kf6 40. Nc5 Rxg4+ 41. Ne4+ Kf5 42. Rf8+ Kg6 43. Ke5 Kg7 44. Ra8 Rg1 45. Kf4 Rf1+ 46. Kg4 Rg1+ 47. Ng3 Rg2 48. Ra6 Rg1 49. Kf3 Kf7 50. Rxh6 Ra1 51. Rb6 Rc1 52. Kf4 Ra1 53. Ne4 Rf1+ 54. Ke5 Re1 55. Rb2 Kg6 56. Rg2+ Kf7 57. Rg3 Re2 58. Kf5 Re1 59. Rg2 Rf1+ 60. Nf2 Ke7 61. Ke5 Kf7 62. Nd3 Ra1 63. Rf2+ Ke7 64. Nf4 Re1+ 65. Kf5 Kd6 66. Rd2+ Kc6 67. Nd3 Re8 68. Ne5+ Kc5 69. Ke4 Re7 70. Rd5+ Kb6 71. Kd4 Rh7 72. Rd6+ Kb5 73. Rg6 Rh1 74. Rg5 Rh4+ 75. Kd5 Rh1 76. Ke4 Re1+ 77. Kf3 Rf1+ 78. Ke2 Rh1 79. Nf3+ Kc6 80. Kd3 Rd1+ 81. Ke4 Kb6 82. Nd4 Re1+ 83. Kd5 Rd1 84. Rg6+ Kc7 85. Rc6+ Kd7 86. Rc2 Ke7 87. Ke5 Re1+ 88. Ne2 Kd7 89. Rd2+ Ke7 90. Kf5 Rf1+ 91. Kg6 Rf2 92. Kg5 Rg2+ 93. Kf4 Rh2 94. Ra2 Rf2+ 95. Ke3 Rh2 96. Ra6 Rh3+ 97. Ke4 Rb3 98. Nd4 Rb4 99. Ke5 Rb1 100. Ra7+ 1/2-1/2

[Event "Online Olym Div2 C"]
[Site "Chess.com INT"]
[Date "2021.09.02"]
[Round "1.3"]
[White "Masango, Spencer"]
[Black "Kalezic, Blazo"]
[Result "0-1"]
[WhiteElo "2101"]
[BlackElo "2434"]
[PlyCount "66"]
[EventDate "2021.09.02"]
[EventType "team (rapid)"]
[EventRounds "9"]
[EventCountry "USA"]
[SourceTitle "CBM 204 Extra"]
[Source "ChessBase"]
[SourceDate "2021.11.30"]
[SourceVersion "1"]
[SourceVersionDate "2021.11.30"]
[SourceQuality "1"]
[WhiteTeam "Zimbabwe"]
[BlackTeam "Montenegro"]
[WhiteTeamCountry "ZIM"]
[BlackTeamCountry "MNE"]

1. Nf3 d5 2. c4 d4 3. d3 g6 4. b4 Bg7 5. Bb2 e5 6. g3 Ne7 7. Bg2 0-0 8. h4 h6 9. Na3 a5 10. Nc2 axb4 11. Nxb4 c5 12. Nc2 Nbc6 13. 0-0 f5 14. e3 f4 15. exf4 exf4 16. Bc1 fxg3 17. fxg3 Bg4 18. Bf4 Nf5 19. Qc1 Kh7 20. a3 Qd7 21. Ra2 Rae8 22. Nce1 Ne3 23. Rff2 Re7 24. Nh2 Bf5 25. Bf3 Ne5 26. Be2 Rfe8 27. Nhf3 N5g4 28. Bf1 Nxf2 29. Rxf2 Bh3 30. Bxh3 Qxh3 31. h5 gxh5 32. Qd2 h4 33. Re2 Qf1+ 0-1